| 000 | 00632cab a2200253 4500 | ||
|---|---|---|---|
| 001 | X1806 | ||
| 008 | 090401t1995 xxu||||| |||| 00| 0 eng d | ||
| 035 | _a(Sirsi) u19464 | ||
| 041 | _aeng | ||
| 245 | _aPresident addresses Labour Party economic conference | ||
| 260 | _c1995 | ||
| 350 | _a0 | ||
| 490 |
_aCSM (Chartered Surveyor Monthly) _v4(3) January 1995, 9(1) |
||
| 650 | _aADDRESSES | ||
| 650 | _aDEVELOPMENT | ||
| 650 | _aECONOMY | ||
| 650 | _aLABOUR PARTY CONFERENCE | ||
| 650 | _aRICS PRESIDENT | ||
| 650 | _aSPEECHES | ||
| 650 | _aSWANSEA | ||
| 690 | _aURBAN RENEWAL | ||
| 942 | _n0 | ||
| 948 | _c04/03/1997 | ||
| 999 |
_c12997 _d12997 |
||